| 000 | 00553nab a2200193 a 4500 | ||
|---|---|---|---|
| 005 | 20210219161957.0 | ||
| 008 | 991125s1985 mx 000 0 spa u | ||
| 035 | _aUPN01000195447 | ||
| 100 | 1 | _aHowell, Jayne | |
| 222 | _aALTERIDADES | ||
| 245 | _aLas sirvientas domésticas de Oaxaca : vínculos conflictivos, vínculos afectuosos | ||
| 260 | _aMéxico | ||
| 300 | _a23-28 | ||
| 362 | 0 | _a1999 Año 9, no. 17, ene.-jun. | |
| 653 | 0 | _aTRABAJO DOMESTICO | |
| 653 | 0 | _aRELACIONES AFECTIVAS | |
| 653 | 0 | _aCONFLICTOS SOCIALES | |
| 905 | _aArticulo | ||
| 999 |
_c167548 _d167548 |
||